01165nam a2200289Ia 4500001001200000003000800012006001900020007001500039008004100054020001800095040002100113035002100134050002400155082001700179100001700196245015700213260005400370300001100424504004100435533015200476650003100628650002700659655002900686710001700715856012600732999001700858ebr10223802CaPaEBRm u cr cn|||||||||080831s2006 wau sb 000 0 eng d z9780976156338 aCaPaEBRcCaPaEBR a(OCoLC)23233293614aHD58.8b.F54 2006eb04a658.4/062221 aFields, Ann.10aParadigm shifts & corporate change - all on board?h[electronic resource] :bmotivational interviewing in the business world /cdeveloped by Ann Fields. aVancouver, Wash. :bHollified Associates,cc2006. a100 p. aIncludes bibliographical references. aElectronic reproduction.bPalo Alto, Calif. :cebrary,d2009.nAvailable via World Wide Web.nAccess may be limited to ebrary affiliated libraries. 0aMotivational interviewing. 0aOrganizational change. 7aElectronic books.2local2 aebrary, Inc.40uhttp://site.ebrary.com/lib/rucke/Doc?id=10223802zAn electronic book accessible through the World Wide Web; click to view c25289d25289